|
|
|
|
| LEADER |
00000cam a2200000 7i4500 |
| 001 |
0000001556 |
| 005 |
20010801.0 |
| 090 |
0 |
0 |
|a 634.9
|b LEE 1977
|
| 100 |
1 |
0 |
|a LEE
|h H. S.
|
| 245 |
1 |
2 |
|a A manual of silviculture for the permanent forest estate of Sarawak
|c by H. S. Lee and K. K. Lai
|
| 260 |
0 |
0 |
|a Kuching :
|b Forest Department Sarawak ,
|c 1977
|
| 300 |
|
|
|a ii, 57 p. :
|b ill. ;
|c 27 cm.
|
| 440 |
0 |
0 |
|a Silviculture pamphlet; n. S.R. 1/77
|
| 650 |
0 |
0 |
|a Forests and forestry
|z Sarawak
|
| 700 |
0 |
1 |
|a Lai
|h K. K.
|
| 998 |
|
|
|a JPSM
|
| 999 |
|
|
|a 0000002811
|b Monograph
|c Open Shelf
|e Default branch
|
| 999 |
|
|
|a 0000003918
|b Monograph
|c Open Shelf
|e Default branch
|